Open Data Biblioteca Nacional de Portugal


República Portuguesa: Ministério da Cultura
Biblioteca Nacional de Portugal

Catálogo da BNP: acesso por Identificadores Unívocos
Registos Bibliográficos associados ao registo de autoridade

Etiqueta de registo: 00000nam 2200025 450
001 2078844
003 http://id.bnportugal.gov.pt/bib/catbnp/2078844
010 ## $a978-989-8763-49-5
021 ## $aPT$b483581/21
100 ## $a20210826d2021 m d0pory01030103ba
101 0# $apor$afre
102 ## $aPT
105 ## $aa b 000yy
106 ## $ar
200 1# $aElisa Pône$efalso sol, falsos olhos$dElisa Pône$efaux le soleil, faux les yeux$fcur. Estelle Nabeyrat$gtextos António Contador... [et al.]$gfot. Élisa Pône, Guillaume Vieira, Miguel Constantino$gtrad. Catarina Boieiro$zfre
210 #9 $aLisboa$cGalerias Municipais$cEGEAC - Empresa de Gestão de Equipamentos e Animação Cultural,$d2021
215 ## $a124, [4] p.$cil.$d24 cm
305 ## $aEd. bilingue em português e francês
510 1# $aElisa Pône, faux le soleil, faux les yeux$zfre
675 ## $a7.038.5Pône, Élisa(083.82)$vBN$zpor$31820621
675 ## $a7.038.5(=1:44)"20"(083.82)$vBN$zpor$31761785
702 #1 $aNabeyrat,$bEstelle,$f1978-$4273$31818059
702 #1 $92$aContador,$bAntónio,$f1971-$4070$31818061
702 #1 $aPône,$bÉlisa,$f1979-$4600$31818064
702 #1 $aVieira,$bGuillaume$4600$31818068
702 #1 $aConstantino,$bMiguel$4600$31818071
702 #1 $aBoieiro,$bCatarina$4730$31818072
801 #0 $aPT$bBN$gRPC
856 41 $uhttp://rnod.bnportugal.gov.pt/ImagesBN/winlibimg.aspx?skey=&doc=2078844&img=155625&save=true
900 ## $aBIBNAC$d20211007
966 ## $lBN$mFGMON$sB.A. 46335 V.$x1
966 ## $lBN$mFGMON$sB.A. 46335 V.-D$x1
971 ## $corlando$d20210826
972 ## $e0$d20211007$vmsebas
973 ## $cmarias$d20210922

Etiqueta de registo: 00254nam 2200025 450
001 2284215
003 http://id.bnportugal.gov.pt/bib/catbnp/2284215
010 ## $a978-989-36328-4-0
021 ## $aPT$b558330/25
100 ## $a20260413d2025 m y0pory01030103ba
101 1# $apor$aeng
102 ## $aPT
105 ## $aa b 000yy
106 ## $ar
200 1# $aNotre feu$ftextos Isabelle Ferreira, Joana P. R. Neves, Victor Pereira$ged. e coord. Nuno Ferreira Carvalho$gtrad. Karim Mesmoudi, Paulo Montes$gfot. Guillaume Vieira
210 #9 $aLisboa$cMuseu de Arte, Arquitectura e Tecnologia,$d2025
215 ## $a111, [1] p.$cil.$d26 cm
702 #1 $aFerreira,$bIsabelle,$f1972-$4070$31995498
702 #1 $aNeves,$bJoana P. R.,$f1976-$4070$31789846
702 #1 $95$aCarvalho,$bNuno$4340$31555754
702 #1 $aPereira,$bVictor,$f1978-$4070$31417883
702 #1 $aMesmoudi,$bKarim$4730$31995514
702 #1 $aMontes,$bPaulo$4730$31700668
702 #1 $aVieira,$bGuillaume$4600$31818068
801 #0 $aPT$bBN$gRPC
966 ## $lBN$mFGMON$x1
966 ## $lBN$mFGMON$x1
971 ## $cabrito$d20260413

OpendataBNP@bnportugal.pt | Mais informação sobre acesso aos dados BNP